Puliendo la piedra: un recorrido por la promoción de la igualdad de género en los proyectos de desarrollo /
En la décadas de los setenta y los ochenta, los conocimientos acumulados por el movimiento feminista comenzaron a incidir en el pensamiento y la práctica de las políticas de desarrollo. Este libro ofrece métodos prácticos para la integración de la equidad de género en los proyectos de desarrollo rur...
Sparad:
| Huvudupphovsman: | |
|---|---|
| Övriga upphovsmän: | |
| Materialtyp: | Okänd |
| Språk: | Spanish |
| Publicerad: |
Costa Rica :
FLACSO ; CEDLA ; FIDA
2007
|
| Ämnen: | |
| Taggar: |
Lägg till en tagg
Inga taggar, Lägg till första taggen!
|
MARC
| LEADER | 00000 a2200000 04500 | ||
|---|---|---|---|
| 001 | 43622 | ||
| 003 | cru CIDCACS/IIS | ||
| 005 | 20230630140047.0 | ||
| 008 | 050629s2007 cr spa d | ||
| 020 | |a 978-9977-68-149-8 | ||
| 040 | |c CRAI/IIS | ||
| 090 | |a 04.02.03 V297pu | ||
| 100 | |a Vargas-Lundius, Rosemary | ||
| 245 | |a Puliendo la piedra: |b un recorrido por la promoción de la igualdad de género en los proyectos de desarrollo / |c Rosemary Vargas-Lundius ; Annelou Ypeij, colaboradora | ||
| 260 | |a Costa Rica : |b FLACSO ; CEDLA ; FIDA |c 2007 | ||
| 300 | |a 307 páginas : |b fotos | ||
| 500 | |a La biblioteca cuenta con la versión en inglés, con dos ítems, son: 04568 y 05758. | ||
| 520 | |a En la décadas de los setenta y los ochenta, los conocimientos acumulados por el movimiento feminista comenzaron a incidir en el pensamiento y la práctica de las políticas de desarrollo. Este libro ofrece métodos prácticos para la integración de la equidad de género en los proyectos de desarrollo rural, mediante ejemplos de proyectos en El Salvador y Perú. Dado que estos países experimentaron recientemente períodos de lucha interna, se presta particular atención a las relaciones entre pobreza, género y conflictos violentos. | ||
| 590 | |a RRA/JULIO2012 | ||
| 650 | |a ANALISIS DE GENERO | ||
| 650 | |a PROYECTOS DE DESARROLLO | ||
| 650 | |a DESARROLLO RURAL | ||
| 650 | |a EVALUACION DE PROYECTOS | ||
| 650 | |a EQUIDAD SOCIAL | ||
| 650 | |a EL SALVADOR | ||
| 650 | |a PERU | ||
| 700 | |a Ypeij, Annelou | ||
| 942 | |2 ddc |c LI |h 04.02.03 V297pu |i 08080 |6 040203_V297PU_08080 | ||
| 999 | |c 15951 |d 15951 | ||



